| 000 | 00925nmm a2200289 a 4500 | ||
|---|---|---|---|
| 003 | AR-BaBNM | ||
| 005 | 20251128210423.0 | ||
| 008 | 270020s1999 ||||||||||||||000 | spa|| | ||
| 040 | _cAR-BaBNM | ||
| 111 | 2 |
_aColoquio anual _n35 _cMar del Plata, Argentina _9nov. 3-5 _d1999 |
|
| 245 | 1 | 0 |
_aDe los consensos a la acción _bcapital social, desarrollo económico, progreso social, jerarquización de la política. 1 |
| 260 |
_aBuenos Aires _bIDEA INSTITUTO PARA EL DESARROLLO EMPRESARIAL DE LA ARGENTINA _c1999 |
||
| 300 |
_a237 p. _bláms. |
||
| 650 | 4 | _aPOLITICA | |
| 650 | 4 | _aPARTIDOS POLITICOS | |
| 650 | 4 | _aINSTITUCIONES POLITICAS | |
| 650 | 4 | _aPOLITICA INTERNA | |
| 650 | 4 | _aSINDICATOS | |
| 650 | 4 | _aFUERZAS ARMADAS | |
| 650 | 4 | _aEMPRESARIOS | |
| 650 | 4 | _aPOLITICA ECONOMICA | |
| 650 | 4 | _aDEMOCRACIA | |
| 651 | 4 | _aArgentina | |
| 700 | 1 |
_aLópez Alonso, Gerardo _eeditor |
|
| 942 | _cBK | ||
| 998 | _cMariana | ||
| 999 |
_c15402 _d15402 |
||